[Event "Campeonato del Mundo sub-20 2010 Fem."]
[Site "Chotowa-Czarna, Poland"]
[Date "2010.08.15"]
[Round "12.32"]
[White "Tonel, Giulia"]
[Black "Ursente, Maria-eugenia"]
[Result "0-1"]
[WhiteElo "2001"]
[BlackElo "1978"]
[PlyCount "78"]
[EventDate "2010.08.03"]
[EventType "swiss"]
[EventRounds "13"]
[EventCountry "POL"]
[Source "lmi"]
[SourceDate "2010.08.03"]

1. e4 g6 2. d4 Bg7 3. Nc3 d6 4. Be3 a6 5. Qd2 b5 6. a3 Nd7 7. Nge2 Bb7 8. f3
Rc8 9. h4 h5 10. g3 c5 11. Bh3 Rc7 12. Bxd7+ Rxd7 13. O-O cxd4 14. Nxd4 Nf6 15.
Rad1 O-O 16. Bg5 Qb6 17. Kh2 Rc8 18. Nce2 e5 19. Nb3 d5 20. Bxf6 Bxf6 21. c3
Rcd8 22. Qc2 dxe4 23. Rxd7 Rxd7 24. fxe4 Be7 25. Rf3 Qe6 26. Nd2 Bc5 27. c4 Qg4
28. Kg2 Bc8 29. Ng1 Bxg1 30. Kxg1 Rxd2 31. Qxd2 Qxf3 32. Qd8+ Kg7 33. Qxc8
Qxg3+ 34. Kf1 Qd3+ 35. Kf2 bxc4 36. Qb7 Qd2+ 37. Kf1 a5 38. Qb5 Qd3+ 39. Kg1
Qxe4 0-1

[Event "Campeonato del Mundo sub-20 2010 Fem."]
[Site "Chotowa-Czarna, Poland"]
[Date "2010.08.15"]
[Round "12.33"]
[White "Lis, Marcelina"]
[Black "Ho, En Huei Danielle"]
[Result "0-1"]
[WhiteElo "1905"]
[BlackElo "1898"]
[PlyCount "62"]
[EventDate "2010.08.03"]
[EventType "swiss"]
[EventRounds "13"]
[EventCountry "POL"]
[Source "lmi"]
[SourceDate "2010.08.03"]

1. e4 c5 2. Nf3 d6 3. d4 cxd4 4. Qxd4 Nc6 5. Bb5 Bd7 6. Bxc6 Bxc6 7. Nc3 h6 8.
Be3 Nf6 9. O-O-O e6 10. Qd3 Be7 11. Nd4 Ng4 12. f4 Nxe3 13. Qxe3 Qb6 14. Qg3
O-O 15. h4 Bf6 16. e5 dxe5 17. fxe5 Be7 18. Qf4 Bc5 19. Rh3 Bxd4 20. Rxd4 Rad8
21. Ne2 f5 22. Rg3 Kh7 23. Rxd8 Rxd8 24. h5 Qa5 25. Nc3 Qc5 26. Ne2 Be4 27. Rc3
Qd5 28. Kb1 Qd1+ 29. Nc1 Rd2 30. a4 Bxc2+ 31. Ka2 Qxc1 0-1

[Event "Campeonato del Mundo sub-20 2010 Fem."]
[Site "Chotowa-Czarna, Poland"]
[Date "2010.08.15"]
[Round "12.34"]
[White "Cyboran, Katarzyna"]
[Black "Dragojevic, Marija"]
[Result "0-1"]
[WhiteElo "1777"]
[BlackElo "1986"]
[PlyCount "66"]
[EventDate "2010.08.03"]
[EventType "swiss"]
[EventRounds "13"]
[EventCountry "POL"]
[Source "lmi"]
[SourceDate "2010.08.03"]

1. e4 c5 2. Nf3 e6 3. d4 cxd4 4. Nxd4 Nc6 5. Nc3 Nf6 6. Ndb5 d6 7. Bf4 e5 8.
Bg5 a6 9. Na3 b5 10. Bxf6 gxf6 11. Nd5 Bg7 12. c3 f5 13. exf5 Bxf5 14. Qf3 Bg6
15. Nxb5 axb5 16. Bxb5 Rc8 17. Nb4 O-O 18. Bxc6 e4 19. Qe3 Qh4 20. Qg3 Qd8 21.
Rd1 Be5 22. Qe3 f5 23. Bd5+ Kh8 24. Nc6 Qf6 25. Nxe5 dxe5 26. Qe2 Qg5 27. f3
Bh5 28. Rg1 Rcd8 29. c4 Bxf3 30. gxf3 Qxg1+ 31. Kd2 Qg5+ 32. Kc2 e3 33. h4 Qh6
0-1

[Event "Campeonato del Mundo sub-20 2010 Fem."]
[Site "Chotowa-Czarna, Poland"]
[Date "2010.08.15"]
[Round "12.36"]
[White "Oliver, Tamzin L"]
[Black "Lepeskaite, Migle"]
[Result "1/2-1/2"]
[WhiteElo "1737"]
[BlackElo "1801"]
[PlyCount "41"]
[EventDate "2010.08.03"]
[EventType "swiss"]
[EventRounds "13"]
[EventCountry "POL"]
[Source "lmi"]
[SourceDate "2010.08.03"]

1. e4 e5 2. Nf3 Nf6 3. d4 Nxe4 4. Bd3 d5 5. Nxe5 Bd6 6. Nf3 O-O 7. O-O Re8 8.
c4 dxc4 9. Bxc4 Nc6 10. Nc3 Rb8 11. Bxf7+ Kxf7 12. Nxe4 h6 13. Ng3 Bg4 14. Be3
a6 15. Qb3+ Kf8 16. Nd2 Be6 17. d5 Bf7 18. Nf5 Bxd5 19. Qc2 Qf6 20. Nxd6 cxd6
21. b3 1/2-1/2

[Event "Campeonato del Mundo sub-20 2010 Fem."]
[Site "Chotowa-Czarna, Poland"]
[Date "2010.08.15"]
[Round "12.40"]
[White "Gora, Antonina"]
[Black "Ferreira, Susana Carolina G"]
[Result "0-1"]
[WhiteElo "1579"]
[BlackElo "1726"]
[PlyCount "108"]
[EventDate "2010.08.03"]
[EventType "swiss"]
[EventRounds "13"]
[EventCountry "POL"]
[Source "lmi"]
[SourceDate "2010.08.03"]

1. e4 c5 2. Nf3 e6 3. d4 cxd4 4. Nxd4 a6 5. Bd3 Qc7 6. O-O Nf6 7. Qe2 d6 8. f4
Be7 9. Kh1 O-O 10. Rf3 Nc6 11. Nxc6 Qxc6 12. e5 Ne8 13. Rh3 g6 14. Qe3 Qc5 15.
Qg3 Ng7 16. Nd2 dxe5 17. fxe5 Nf5 18. Qe1 Qc7 19. Nf3 f6 20. exf6 Bxf6 21. Ng5
Bxg5 22. Bxg5 e5 23. Rf3 Bd7 24. Qb4 b5 25. Raf1 Rfe8 26. Be4 a5 27. Bd5+ Be6
28. Qxb5 Rab8 29. Bxe6+ Rxe6 30. Qd5 Rbe8 31. Rc3 Qb6 32. Rb3 Qa6 33. Re1 h6
34. Bd2 Nd4 35. Rc3 Rf8 36. Qc4 Qxc4 37. Rxc4 Ref6 38. h3 Rf1+ 39. Rxf1 Rxf1+
40. Kh2 h5 41. Bxa5 Rf2 42. c3 Nf5 43. Rc8+ Kf7 44. Rb8 e4 45. Kg1 e3 46. c4 h4
47. Be1 Rc2 48. Rb7+ Ke8 49. Ba5 Rc1+ 50. Kh2 Ng3 51. Rb8+ Kd7 52. Rb7+ Kc8 53.
Rc7+ Kb8 54. c5 Rh1# 0-1